| 000 | 00575nam a22001817a 4500 | ||
|---|---|---|---|
| 003 | BD-DhUL | ||
| 005 | 20180904162847.0 | ||
| 008 | 180722snd pk ||||| |||| 000 0 urd d | ||
| 040 |
_aBD-DhUL _cBD-DhUL |
||
| 082 |
_a891.433 _bAZC |
||
| 100 | 0 | _aعظیم بیگ چغتائی۔ | |
| 245 | 0 |
_aچغتائی کے افسانے : حصہ اول / _cعظیم بیگ چغتائی۔ |
|
| 246 | _aSagtayee ki Afsaney, vol. 2. | ||
| 260 |
_aلاہور : _bتاج کمپانی، _c۰۰۰۰۔ |
||
| 300 |
_aص۔ ۲۹۶ ؛ _c۱۸ سم۔ |
||
| 650 | 4 | _aUrdu fiction. | |
| 942 |
_2ddc _cBK |
||
| 999 |
_c243275 _d243275 |
||